| 000 | 01327cab a22002415a 4500 | ||
|---|---|---|---|
| 001 | L158321 | ||
| 008 | 141208e2014 xxk 000 0 eng d | ||
| 035 | _a(Sirsi) u158321 | ||
| 041 | 0 | _aeng | |
| 245 | 0 | 0 |
_aSims v Dacorum BC _h[electronic resource] |
| 260 | _c2014 | ||
| 520 | _a[2014] UKSC 63, 12 November 2014 Appellant S's wife who held a joint tenancy with her husband served a notice to quit on landlord D who following "Hammersmith and Fulham LBC v Monk" [1992] AC 478 held that the tenancy had come to an end and S who occupied the property must leave. S appealed on the grounds that his rights for respect for his home under Article 8 of the European Convention on Human Rights and/or peacefully to enjoy his possessions under Article 1 of the First Protocol to the Convention (AiP1) would be infringed. S's claims failed. Appeal "dismissed". | ||
| 590 | _aKA | ||
| 650 | 2 | 4 | _aSIMS V DACORUM BC |
| 650 | 2 | 4 | _aHAMMERSMITH AND FULHAM LBC V MONK |
| 650 | 2 | 4 | _aJOINT TENANCY |
| 650 | 2 | 4 | _aEUROPEAN CONVENTION ON HUMAN RIGHTS |
| 651 | 4 |
_aEngland and Wales _y1543- |
|
| 690 |
_aLandlord and tenant _96252 |
||
| 690 |
_aResidential property _96266 |
||
| 856 | 4 | 0 |
_uhttps://www.supremecourt.uk/decided-cases/docs/UKSC_2013_0264_Judgment.pdf _zView the law report free of charge at www.supremecourt.uk |
| 942 | _n0 | ||
| 999 |
_c84562 _d84562 |
||